000
00271nam a2200109Ia 4500
008
220204s9999 xx 000 0 und d
082
_a
331.7(340)
_b
AHU
100
_a
Ahuja, B N
245
0
_a
Career opportunities in India
260
_a
New Delhi
_b
Varma
_c
1978
942
_c
BK
999
_c
29475
_d
29475